00420nam a2200169Ia 4500003000900000008004100009040001600050080001500066100002200081245003800103260003600141300001300177650000800190650000800198650002800206650001600234IN-BaIIA211028s9999 xx 000 0 eng d cIIA Library a523.9bHAW aHawkes, Jacquetta 0aMan and the suncJacquetta Hawkes aLondonbThe Cresset Pressc1962 ax, 280p. aMan aSun aSun - religious aspects aSun worship